Forest diversity in the interfluvial zone of the río Negro and río Orinoco in Southwestern Venezuela (Registro nro. 9844)

Detalles MARC
000 -CABECERA
Campo de control 005910000a22001810004500
090 ## - CLASIFICACIÓN LOCAL
Colección AR
Consecutivo 00753
041 0# - IDIOMA
Código de idioma para texto/pista de sonido o título separado
100 1# - ASIENTO PRINCIPAL--NOMBRE PERSONAL
Nombre personal Aymard C., Gerardo A.
245 10 - MENCION DE TITULO
Título Forest diversity in the interfluvial zone of the río Negro and río Orinoco in Southwestern Venezuela
650 14 - ASIENTO SECUNDARIO DE MATERIA - TERMINO TEMATICO
Término temático o nombre geográfico como elemento de entrada Bosques
650 14 - ASIENTO SECUNDARIO DE MATERIA - TERMINO TEMATICO
Término temático o nombre geográfico como elemento de entrada Composición florística
650 14 - ASIENTO SECUNDARIO DE MATERIA - TERMINO TEMATICO
Término temático o nombre geográfico como elemento de entrada Biología
651 #4 - ASIENTO SECUNDARIO DE MATERIA - NOMBRE GEOGRAFICO
-- Río Orinoco
-- Venezuela
651 #4 - ASIENTO SECUNDARIO DE MATERIA - NOMBRE GEOGRAFICO
-- Río Negro
-- Venezuela
653 ## - TERMINO DE INDIZACION - NO CONTROLADO
-- Vochysiaceae
-- Erisma
-- Erisma japura
-- Jabua
773 1# - Item fuente:
Título Preprint
Especificación de materiales 3
Paginas del Articulo 1-34
Lugar, editorial y fecha de publicación 1997
942 ## - ELEMENTOS ADICIONALES (KOHA)
Tipo de ítem Artículo
Existencias
Withdrawn status Lost status Damaged status No para préstamo Colección Ubicación Permanente Ubicación actual Fecha de adquisición Datos de publicación Seriada Total Checkouts Número topográfico Inventario / Código de Barras Date last seen Ejemplar Price effective from Forma de adquisición Tipo de material
      No para Préstamo Hemeroteca Bogotá Bogotá 27/02/2015 Fuera de circulación   AR 00753 011074 25/03/2015 1 25/03/2015   Artículo